01382nam a2200241 a 450000100100000000500170001000800410002704000250006808200150009310000330010824500540014126000360019530000200023149000410025159000760029283000480036804900090041695202060042595201870063195201860081895201190100499900170112300002997920200930055945.0110428s1993 dr 000 0 spa d aDO-SdBNPbspacBNPHU axxxbA162c1 aAbreu Mejía, Rafael92433610aCon las manos de mi alma /cRafael Abreu Mejía. aSanto Domingo :bRobiou,c1993. a26 p. ;c23 cm.1 aCuadernos Populares de Poesiavno. 1 aPerteneció a la biblioteca personal de Juan Isidro Jimenes Grullón. 0aCuadernos Populares de poesianno. 1956714 aBNPD 001054708DSaGRbGRcHDd2015-07-03iLF1l0oxxx A162cp29979-30r2020-06-25te. 3w2020-06-25yLFDSzPerteneció a la biblioteca personal de Chiqui Vicioso / Fidelio Despradel.ZPréstamo en sala 001054708DSaGRbGRcHDd2015-07-15iLF1l0oxxx A162cp29979-40r2020-06-25te. 4w2020-06-25yLFDSzPerteneció a la biblioteca personal de Erick Landestoy.ZPréstamo en sala 0010718PDaPDbPDcHDd2011-04-28iLF1l0oxxx A162cp29979-10r2020-06-25w2020-06-25yLFPDzPerteneció a la biblioteca personal de Juan Isidro Jimenes Grullón.ZNo se presta 0010718PDaPDbPDcHDd2015-06-17iLF1l0oxxx A162cp29979-20r2020-06-25te. 2w2020-06-25yLFPDZNo se presta c29471d29471